00387nam a2200157Ia 45000010006000000050017000060080041000230410008000640820013000721000037000852450054001222600009001763000028001856500008002136540008002212019220260306172748.0260306t2018||||xx |||||||||||||| ||spa|| aESP a343bA72 aArias López, Boris WilsoneAUT 0aIntroducción al análisis de la jurisprudencia c2018 a201 páginas :c22 cm. aGEN aCDE